Statistics for Top 20 Leeds United Goalscorers in the Premier League

Click here to take the quiz!

General Stats

  • This quiz has been taken 22 times
  • The average score is 9 of 20

Answer Stats

NPlayerNationalityGoals% Correct
1Mark VidukaAustralian59
94%
12Patrick BamfordEnglish23
89%
2Harry KewellAustralian45
78%
6Jimmy Floyd HasselbainkDutch34
72%
4Alan SmithEnglish38
67%
16RaphinhaBrazilian17
61%
18Robbie KeaneIrish13
61%
9RodrigoSpanish26
61%
10Tony YeboahGhanaian24
56%
10Gary McAllisterScottish24
50%
13Gary SpeedWelsh22
50%
14Jack HarrisonEnglish21
39%
4Lee BowyerEnglish38
33%
17Robbie FowlerEnglish14
33%
8Ian HarteIrish28
28%
7Brian DeaneEnglish32
22%
18Lee ChapmanEnglish13
11%
3Rodney WallaceCosta Rican42
11%
19David WetherallEnglish12
6%
15Michael BridgesEnglish19
6%

Score Distribution

Percentile by Number Answered

Percent of People with Each Score

Your Score History

You have not taken this quiz